000 00644nam a22002177a 4500
003 UA-OsUOA
001 93385
007 ta
008 20130119b un ||||| |||| 00| 0 ukr d
090 _a821.161.1
_bВ39
942 _cBK
040 _aUA-OsUOA
_brus
_cUA-OsUOA
_dUA-OsUOA
245 _aВетер
_bМорские повести советских писателей
_cСост. Казарин В.
300 _a304 с.
955 _a3
041 _arus
080 _a821.161.1
260 _aСимферополь
_bТаврия
_c1988
650 7 _a82 Література. Літературознавство
_2UDC
999 _c379628
_d379628